Capitalism in the age of globalization : the management of contemporary society

Αποθηκεύτηκε σε:
Λεπτομέρειες βιβλιογραφικής εγγραφής
Κύριος συγγραφέας: Amin, Samir
Μορφή: Βιβλίο
Γλώσσα:English
Δημοσίευση: London : Zed Books, c1997
Θέματα:
Ετικέτες: Προσθήκη ετικέτας
Δεν υπάρχουν, Καταχωρήστε ετικέτα πρώτοι!

MARC

LEADER 00000nam a2200000 i 4500
001 1/86157
008 990712s1997 eng d
020 |a 1-85649-468-3 
035 |l 10052016 
040 |a GR-MY-UA  |b gre  |e aacr 
041 0 |a eng 
082 0 |a 330.122 
100 1 |a Amin, Samir. 
245 1 0 |a Capitalism in the age of globalization :  |b the management of contemporary society /  |c Samir Amin 
260 |a London :   |b Zed Books,   |c c1997 
300 |a 158 p. 
504 |a Includes bibliographical references and index 
650 0 0 |a Capitalism. 
650 0 0 |a Business cycles. 
650 0 0 |a Competition, International. 
852 |a INST  |b LESVOS  |e 19990712  |h 330.122 AMI  |p 005100019824  |q 005100019824  |t BK  |y 0 
901 |a BIBL1-1999-2 
909 |a Λ  |b 062729 
922 |a 1ΕΛΗ  |b 199812  |c ΚΠΣ/ΤΓ  |d LEADER 
950 |a 118-1998-10-19 
970 |a ΤΖΑΦΕΡΗ  |b ΕΥΑΓΓΕΛΙΑ  |z 1999/07/31